| 000 | 01411nam0a22002771 4500 | ||
|---|---|---|---|
| 001 | rc\2153107 | ||
| 005 | 20260407192011.0 | ||
| 035 | _a(NLR Aleph) 006636580 | ||
| 090 |
_a7605814 _c7605814 |
||
| 100 | _a20110829d1978 |||y0rusy50 ca | ||
| 101 | 0 | _arus | |
| 102 | _aRU | ||
| 105 | _ay z ||||| | ||
| 200 | 1 | _aОб однозначном формировании условий на внутренних и внешних границах области в нечетном PN₂₊₁-приближении метода сферических гармоник | |
| 210 |
_aНовосибирск _cБ. и. _d1978 |
||
| 215 |
_a14 с. _d21 |
||
| 225 | 1 |
_aАН СССР. Сибирское отделение. Вычислительный центр. Семинар "Методы вычислительной и прикладной математики". Под руководством академика Г.И. Марчука. Препринт _v50 |
|
| 320 | _aБиблиогр.: с. 12-13 | ||
| 700 | 1 |
_aСмелов _bВ.В. _gВладислав Владимирович |
|
| 712 | 1 | 2 |
_a"Вычислительные методы прикладной математики", семинар _eНовосибирск _3RU\NLR\AUTH\8810125276 _9748006 |
| 801 | 0 |
_aRU _bNLR _gpsbo |
|
| 801 | 1 |
_aRU _bELAR _2rusmarc |
|
| 852 |
_aNLR _j74-4/9957-50 |
||
| 899 |
_aRuMoRGB _jБр 201/259 |
||
| 942 | _cBOOK | ||
| 980 | _aNB | ||